000 00930 a2200181 4500
003 Nust
005 20170207154012.0
022 _a9780595154821
040 _cNust
082 _a005.43
100 _aFrampton, Steve
245 _aLinux Administration Made Easy (E-BOOK)
_bSteve Frampton
260 _aIuniverse Inc
_c2000
300 _a85 p
505 _aPreface (Page-1) Introduction (Page-2) Linux Overview (Page-5) Installation and Hardware Configuration (Page-9) Configuring the X Window System (Page-19) General System Administration Issues (Page-25) Custom Configuration and Administration Issues (Page-31) Backup and Restore Procedures (Page-44) Various & Sundry Administrative Tasks (Page-53) Upgrading Linux and Other Applications (Page-58) Enterprise Computing with Linux (Page-71) Strategies for Keeping a Secure Server (Page-75) Help! Trouble in Paradise (Page-79)
650 _aLinux Administration
651 _aE-BOOK
942 _2ddc
_cBK
999 _c191271
_d191271